| 000 | 00700nam a2200229 i 4500 | ||
|---|---|---|---|
| 001 | 179549 | ||
| 003 | ES-MaACL | ||
| 005 | 20230922212825.0 | ||
| 008 | 111222s2010 sp |||| |dspa d | ||
| 020 | _a978-84-204-0602-2 | ||
| 080 | _a821.111(73)-92"19" | ||
| 080 | _a08 Talese, Gay | ||
| 100 | 1 |
_aTalese, Gay. _9109124 |
|
| 245 | 1 | 0 |
_aRetratos y encuentros / _cGay Talese ; traducción de Carlos José Restrepo. |
| 250 | _a2ª ed. | ||
| 260 |
_a[Madrid] : _bAlfaguara, _c[2010] |
||
| 300 |
_a302 p. ; _c24 cm. |
||
| 700 | 1 |
_aRestrepo, Carlos José. _9148784 |
|
| 852 |
_aES-MaACL _jA-11782 _9186446 _bR.146833 _cDEPO1 _dOlim: N-4787 |
||
| 942 |
_2udc _cMONOGRAFIA |
||
| 999 |
_c179549 _d179549 |
||